El hombre irascible / (Registro nro. 58542)

Detalles MARC
000 -CABECERA
Longitud fija campo de control 01509nam a2200421 a 4500
003 - • IDENTIFICADOR DELl NÚMERO DE CONTROL
Identificador del número de control CO-BoRNBP
005 - • FECHA Y HORA DE LA ÚLTIMA TRANSACCIÓN
Fecha y hora de la última transacción 20250826165220.0
007 - • CAMPO FIJO DE DESCRIPCIÓN FÍSICA
Campo fijo de descripción física ta
008 - • CÓDIGOS DE INFORMACIÓN DE LONGITUD FIJA
Códigos de información de longitud fija 960426s1995 ck gr 000 j spa
020 ## - • NÚMERO INTERNACIONAL NORMALIZADO PARA LIBROS
Número Internacional Normalizado para Libros (ISBN) 9580703078 (colección)
020 ## - • NÚMERO INTERNACIONAL NORMALIZADO PARA LIBROS
Número Internacional Normalizado para Libros (ISBN) 958070919X (libro)
040 ## - FUENTE DE LA CATALOGACIÓN
Centro catalogador de origen CO-BoBN
Lengua de catalogación spa
Centro transcriptor CO-BoBN
082 ## - • NÚMERO DE LA CLASIFICACIÓN DECIMAL DEWEY
Número de clasificación (R) 891.733
Número de edición 20
084 ## - • Clasificación Local Alfanúmerica PNLB
Número de clasificación C CHE1
100 1# - • PUNTO DE ACCESO PRINCIPAL-NOMBRE DE PERSONA
Nombre de persona Chejov, Anton Pavlovich,
Fechas asociadas al nombre 1860-1904
240 10 - • TÍTULO UNIFORME
Título uniforme <a href="Cuentos.">Cuentos.</a>
245 13 - • TITULO PROPIAMENTE DICHO
Título El hombre irascible /
Mención de responsabilidad, etc. Anton Chejov
250 ## - • MENCI&Oacute;N DE EDICI&Oacute;N
Mención de edición 1a. edición
300 ## - • DESCRIPCI&Oacute;N F&Iacute;SICA
Extensión 151 p. ;
Dimensiones 19 cm
336 ## - TIPO DE CONTENIDO
Fuente rdacontent
Término de tipo de contenido texto
Código de tipo de contenido txt
337 ## - TIPO DE MEDIO
Fuente rdamedia
Nombre del tipo de medio sin mediación
Código del tipo de medio n
338 ## - TIPO DE SOPORTE
Fuente rdacarrier
Nombre del tipo de soporte volumen
Código del tipo de soporte nc
490 0# - • MENCI&Oacute;N DE SERIE
Mención de serie Biblioteca distinta
501 ## - • NOTA DE &QUOT;CON&QUOT;
Nota de "Con" Con: Chejov, la enorme brevedad del ser / Reinaldo Spitaletta H. -- De la Rusia de Chejov y otros fríos / José Guillermo Anjel R.
505 2# - • NOTA DE CONTENIDO CON FORMATO
Nota de contenido con formato Una mujer insustancial -- Ladrones -- El hijo rebelde -- Un drama -- La cirugía -- La máscara
600 19 - • PUNTO DE ACCESO ADICIONAL DE MATERIA - NOMBRE DE PERSONA
Nombre de persona Chejov, Anton Pavlovich,
Fechas asociadas al nombre 1860-1904
Subdivisión de materia general (R ) Crítica e interpretación
650 ## - • PUNTO DE ACCESO ADICIONAL DE MATERIA - T&Eacute;RMINO DE MATERIA
Término de materia o nombre geográfico como elemento inicial Cuentos rusos
Subdivisión cronológica Siglo XIX
Fuente del encabezamiento o término LEMB
700 1# - • PUNTO DE ACCESO ADICIONAL - NOMBRE DE PERSONA
Nombre de persona Spitaletta Hoyos, Reinaldo,
Fechas asociadas al nombre 1954- .
Título de la obra Chejov, la enorme brevedad del ser
700 1# - • PUNTO DE ACCESO ADICIONAL - NOMBRE DE PERSONA
Nombre de persona Anjel Rendó, José Guillermo,
Fechas asociadas al nombre 1954-.
Título de la obra De la Rusia de Chejov y otros fríos
740 0# - • PUNTO DE ACCESO ADICIONAL - T&Iacute;TULO RELACIONADO O ANAL&Iacute;TICO NO CONTROLADO
Título relacionado o analítico no controlado Una mujer insustancial
740 0# - • PUNTO DE ACCESO ADICIONAL - T&Iacute;TULO RELACIONADO O ANAL&Iacute;TICO NO CONTROLADO
Título relacionado o analítico no controlado Ladrones
740 3# - • PUNTO DE ACCESO ADICIONAL - T&Iacute;TULO RELACIONADO O ANAL&Iacute;TICO NO CONTROLADO
Título relacionado o analítico no controlado El hijo rebelde
740 0# - • PUNTO DE ACCESO ADICIONAL - T&Iacute;TULO RELACIONADO O ANAL&Iacute;TICO NO CONTROLADO
Título relacionado o analítico no controlado Un drama
740 3# - • PUNTO DE ACCESO ADICIONAL - T&Iacute;TULO RELACIONADO O ANAL&Iacute;TICO NO CONTROLADO
Título relacionado o analítico no controlado La cirugía
740 3# - • PUNTO DE ACCESO ADICIONAL - T&Iacute;TULO RELACIONADO O ANAL&Iacute;TICO NO CONTROLADO
Título relacionado o analítico no controlado La máscara
942 ## - ENTRADA DE ELEMENTOS AGREGADOS (KOHA)
Fuente de clasificaión o esquema Dewey Decimal Classification
Koha [por defecto] tipo de item LIbro
Existencias
Perdido Fuente de clasificaci&oacute;n o esquema Estado Físico No para pr&eacute;stamo Forma de adquisición Localizaci&oacute;n permanente Localizaci&oacute;n actual Localización en estanterías Fecha adquisici&oacute;n Pr&eacute;stamos totales Signatura completa C&oacute;digo de barras Fecha &uacute;ltima consulta N&uacute;mero de copia Fecha del precio de reemplazo Tipo de item de Koha
  Dewey Decimal Classification     Colección General Biblioteca Pública Puerto López - Jorge Eliecer Gaitán Biblioteca Pública Puerto López - Jorge Eliecer Gaitán General 10/28/2025   891.733 PLZ04200 10/28/2025 Ej.1 10/28/2025 Libro Literatura
  Clasificación Local Facetada     Colección General Biblioteca Pública San Juanito - Ernesto Maria Peña Romero Biblioteca Pública San Juanito - Ernesto Maria Peña Romero Literatura 08/26/2025   C CHE1 SJU01791 08/26/2025 Ej.1 08/26/2025 Libro Literatura









Instituto Departamental de Cultura del Meta - Red Departamental de Bibliotecas Públicas del Meta.